000 01226nam a22002657a 4500
003 OSt
005 20250505122747.0
008 200203s2010 ck ||||er|||| 00| f spa d
020 _a9789588294803
040 _aCO-JMCR
_cCO-JMCR
041 0 _aspa
082 0 4 _aA-N
_bVOLo
_223
100 1 _aVolpi, Jorge,
_eautor
_9135
245 1 0 _aOscuro bosque oscuro :
_buna historia de terror /
_cJorge Volpi
250 _a1a. edición
260 _aBarcelona ; Bogotá :
_bEdiciones B,
_c2010.
300 _a125 páginas ;
_c21 cm.
490 0 _aNarrativa
500 _aIncluye notas biográficas del autor en solapa.
520 _aRelata un suceso histórico y consuma la ficción entrelazando episodios de los cuentos de antaño. La barbarie azota Europa y un grupo de humildes ancianos: panaderos, comerciantes, policías pensionados, son entrenados por agentes de un poder macabro en las entrañas de un oscuro bosque(¿una metáfora del nazismo?) para matar "insectos". La narración en verso nos involucra en el horror de la guerra, máxima degradación de la condición humana.
650 1 4 _aNovela adulto
_9136
650 1 4 _aNovela mexicana
_xterror
_9137
650 1 4 _aNovela histórica
_xterror
_9186
942 _2ddc
_cBK
999 _c6424
_d6424